<?xml version="1.0" encoding="UTF-8"?>
<record
    xmlns:xsi="http://www.w3.org/2001/XMLSchema-instance"
    xsi:schemaLocation="http://www.loc.gov/MARC21/slim http://www.loc.gov/standards/marcxml/schema/MARC21slim.xsd"
    xmlns="http://www.loc.gov/MARC21/slim">

  <leader>00449nam a2200157Ia 4500</leader>
  <controlfield tag="008">230718s9999    xx            000 0 und d</controlfield>
  <datafield tag="041" ind1=" " ind2=" ">
    <subfield code="a">eng</subfield>
  </datafield>
  <datafield tag="082" ind1=" " ind2=" ">
    <subfield code="a">627.5</subfield>
    <subfield code="b">SIN</subfield>
  </datafield>
  <datafield tag="100" ind1=" " ind2=" ">
    <subfield code="a">Singh A.</subfield>
    <subfield code="9">108520</subfield>
  </datafield>
  <datafield tag="245" ind1=" " ind2=" ">
    <subfield code="a">Soil Engineering</subfield>
    <subfield code="b">In Theory And Practice Geo Technical Testing And Instrumentation</subfield>
  </datafield>
  <datafield tag="250" ind1=" " ind2=" ">
    <subfield code="a">2nd ed.</subfield>
  </datafield>
  <datafield tag="260" ind1=" " ind2=" ">
    <subfield code="b">Cbs</subfield>
  </datafield>
  <datafield tag="365" ind1=" " ind2=" ">
    <subfield code="c">Rs.</subfield>
    <subfield code="b">550.00</subfield>
  </datafield>
  <datafield tag="700" ind1=" " ind2=" ">
    <subfield code="a">Singh A. &amp; Chowdhary G. R.</subfield>
  </datafield>
  <datafield tag="906" ind1=" " ind2=" ">
    <subfield code="d">B:494401-Jul-2008</subfield>
    <subfield code="c">INST</subfield>
    <subfield code="b">110</subfield>
  </datafield>
  <datafield tag="999" ind1=" " ind2=" ">
    <subfield code="c">318888</subfield>
    <subfield code="d">318888</subfield>
  </datafield>
  <datafield tag="952" ind1=" " ind2=" ">
    <subfield code="0">0</subfield>
    <subfield code="1">0</subfield>
    <subfield code="4">0</subfield>
    <subfield code="7">0</subfield>
    <subfield code="a">CCEP</subfield>
    <subfield code="b">CCEP</subfield>
    <subfield code="d">2008-07-08</subfield>
    <subfield code="e">Tbs</subfield>
    <subfield code="f">INST</subfield>
    <subfield code="g">530.00</subfield>
    <subfield code="i">4944</subfield>
    <subfield code="l">0</subfield>
    <subfield code="o">627.5</subfield>
    <subfield code="p">CCEP-BK-30095</subfield>
    <subfield code="r">2023-07-18 00:00:00</subfield>
    <subfield code="t">110</subfield>
    <subfield code="v">550.00</subfield>
    <subfield code="w">2008-07-01</subfield>
    <subfield code="y">BK</subfield>
    <subfield code="z">030095</subfield>
  </datafield>
</record>
